| 000 | 01102nam a22003377a 4500 | ||
|---|---|---|---|
| 003 | CHAP | ||
| 005 | 20220817042355.0 | ||
| 008 | 971013s1976 r 00010 d | ||
| 010 | _a42726 | ||
| 011 | _a43698 | ||
| 035 | _a47834 | ||
| 040 | _cCHAP | ||
| 090 | _aFolleto 3870 | ||
| 110 | _aMéxico. Dirección General del Inventario Nacional Forestal | ||
| 245 | _aCatálogo de productos forestales | ||
| 260 |
_aMéxico, D.F. : _bLa Dirección, _c1976 |
||
| 300 | _a30 p | ||
| 490 |
_aPublicación _v; 38 |
||
| 590 |
_aBATCH-UPD _b10 _c20130110 _lUCH01 _h1331 |
||
| 590 |
_aBATCH-UPD _b10 _c20130410 _lUCH01 _h0836 |
||
| 590 |
_aBATCH-UPD _b10 _c20130914 _lUCH01 _h1941 |
||
| 590 |
_aCONVERSION _b10 _c20130109 _lUCH01 _h1323 |
||
| 650 | 1 | 4 |
_aProductos forestales. _992059 |
| 650 | 1 | 4 |
_aProductos forestales _zMéxico. _992112 |
| 830 | 0 |
_aPublicación _v; 38 |
|
| 901 | _aBK | ||
| 942 | _cFOLL | ||
| 949 |
_aFolleto 3870 _bBC _cFOLL _d-108578 _eTS1 _i47834 _mD _si |
||
| 949 |
_aFolleto 3870 _bBC _cFOLL _d-108579 _eTS2 _fc.2 _i47834 _mD _si |
||
| 949 |
_aFolleto 3870 _bBC _cFOLL _d-108580 _eTS2 _fc.3 _i47834 _mD _si |
||
| 999 |
_c42726 _d42726 |
||